|
|
|
|
| LEADER |
00000cam a2200000 a 4500 |
| 001 |
1/122921 |
| 008 |
210514s2020####gr | ||| |||| ||gre|| |
| 020 |
|
|
|a 9786185495183
|
| 040 |
|
|
|a GR-MyUa
|b gre
|c GR-MyUa
|e AACR2
|
| 041 |
0 |
|
|a gre
|
| 082 |
7 |
|
|a 005.117
|2 (23)
|
| 100 |
1 |
|
|a Σγουροπούλου, Κλειώ.
|
| 245 |
1 |
0 |
|a Εισαγωγή στον αντικειμενοστραφή προγραμματισμό /
|c Κλειώ Σγουροπούλου, Χρήστος Τρούσσας.
|
| 250 |
|
|
|a 4η έκδοση.
|
| 260 |
|
|
|a Αθήνα :
|b Τσότρας,
|c 2020.
|
| 300 |
|
|
|a v, 1000 σ. ;
|c 29 εκ.
|
| 504 |
|
|
|a Βιβλιογραφία: σ. 999-1000.
|
| 650 |
|
0 |
|a Object-oriented programming (Computer science)
|
| 650 |
|
0 |
|a C++ (Computer program language)
|
| 700 |
1 |
|
|a Τρούσσας, Χρήστος.
|
| 852 |
|
|
|a INST
|b SYROS
|c EUDOXUS
|e 20210514
|h 005.117 ΣΓΟ
|p 005500014247
|q 005500014247
|t EDX
|y 0
|
| 920 |
|
|
|a Εύδοξος
|b Παραγγελία
|y Σύρος-ΤΜΣΠΣ
|z 2021-05
|
| 970 |
|
|
|a Κοντού
|b Παρασκευή
|z 14/05/2021
|